000 00522cam a2200205 a 4500
001 1477434
005 20171215044921.0
008 870508s1987 nyu 000 0 eng
010 _a 87014654
020 _a0871132001
040 _aDLC
_cDLC
_dDLC
041 _aeng
080 _a520
082 0 0 _a520 PRE
_219
100 1 _a42
101 _aAST
245 1 0 _aFirst light :
_cRichard Preston.
906 _a7
_bcbc
_corignew
_d1
_eocip
_f19
_gy-gencatlg
942 _2ddc
_cBK
999 _c38993
_d38993